The Role of Individual Differences in the Development of Listening Comprehension in the Early Stages of Language Learning

Elmentve itt :
Bibliográfiai részletek
Szerzők: Bacsa Éva
Csíkos Csaba
Dokumentumtípus: Könyv része
Megjelent: Springer International Publishing Cham 2016
Sorozat:Educational Linguistics
Assessing Young Learners of English: Global and Local Perspectives
Tárgyszavak:
doi:10.1007/978-3-319-22422-0_11

mtmt:2963014
Online Access:http://publicatio.bibl.u-szeged.hu/24371
LEADER 00959naa a2200241 i 4500
001 publ24371
005 20220519103918.0
008 220519s2016 hu o 0|| Angol d
020 |a 9783319224213 
024 7 |a 10.1007/978-3-319-22422-0_11  |2 doi 
024 7 |a 2963014  |2 mtmt 
040 |a SZTE Publicatio Repozitórium  |b hun 
041 |a Angol 
100 1 |a Bacsa Éva 
245 1 4 |a The Role of Individual Differences in the Development of Listening Comprehension in the Early Stages of Language Learning  |h [elektronikus dokumentum] /  |c  Bacsa Éva 
260 |a Springer International Publishing  |b Cham  |c 2016 
300 |a 27 
300 |a 263-289 
490 0 |a Educational Linguistics 
490 0 |a Assessing Young Learners of English: Global and Local Perspectives 
650 4 |a Általános oktatás (benne képzés, pedagógia, didaktika) 
700 0 1 |a Csíkos Csaba  |e aut 
856 4 0 |u http://publicatio.bibl.u-szeged.hu/24371/1/BacsaCsikos.pdf  |z Dokumentum-elérés